Представление документа в формате MARC21

Поле Инд. ПП Название Значение
Тип записи a
Библиографический уровень a
001 Контрольный номер RU/IS/BASE/382102409
005 Дата корректировки 20180409143448.4
020 a ISBN 978-5-7609-0560-4
040 a Служба первич. каталог. НБ ТвГУ
b Код языка каталог. rus
e Правила каталог. PSBO
041 0_ a Код языка текста rus
098 b Факультет Физико-технический
c Кафедра теоретической физики
100 1_ a Автор Зубков Виктор Викторович
q Полное имя Зубков В. В.
110 2_ a Организация/ юрисдикция Тверской государственный университет
245 10 a Заглавие Моделирование структуры ультратонкого слоя дихдорметана на твердой подложке методами функционала плотности и молекулярной динамики
260 a Место издания Тверь
b Издательство Тверской государственный университет
c Дата издания 2010
504 a Библиография Библиогр.: с. 36-37 (17 назв.)
520 0_ a Аннотация В рамках двух методов компьютерного моделирования, метода функционала плотности и атомистической молекулярной динамики, выполнено сравнение структурных свойств ультратонкого слоя дихлорметана на двух типах твердых плоских подложек. Показана эффективность использования данных подходов как взаимодополняющих методик для описания структурных и термодинамических характеристик поверхностных слоев нанометрового диапазона.
653 0_ a Ключевые слова Атомистическое моделирование
a Ключевые слова Дисперсионное взаимодействие
a Ключевые слова Компьютерное моделирование
a Ключевые слова Локальная плотность
a Ключевые слова Метод молекулярной динамики
a Ключевые слова Метод Монте-Карло
a Ключевые слова Метод функционала плотности
a Ключевые слова Метод функционала плотности
a Ключевые слова Нанокластеры
a Ключевые слова Наноматериалы
a Ключевые слова Наночастицы
a Ключевые слова Плотность наносистем
a Ключевые слова Поверхностные слои
a Ключевые слова Структура нанообразований
a Ключевые слова Термодинамика нанообразований
a Ключевые слова Тонкие пленки
a Ключевые слова Труды Тверского государственного университета
a Ключевые слова Ультратонкие пленки жидкостей
a Ключевые слова Ультратонкие слои
a Ключевые слова Фазовые превращения
a Ключевые слова Физико-химические исследования
700 1_ a Другие авторы Комаров Павел Вячеславович
q Полное имя Комаров, П. В.
773 08 w Контрольный № источника RU/IS/BASE/348763847
t Название источника Физико-химические аспекты изучения кластеров, наноструктур и наноматериалов
d Место и дата издания Тверь : Тверской государственный университет, 2010
g Прочая информация Вып. 2. - С. 25-36
856 40 u URL http://texts.lib.tversu.ru/texts/11479t.pdf
x Примечание для ЭОР Справка УИС 2016
i Дата подключения ЭОР 20170410
x Примечание для ЭОР Реестр суммарного учета сетевых локальных документов
900 a Имя макрообъекта 11479t
901 t Тип документа a
920 a Оператор Тимос
954 a Дата поступления на обработку 20120209